Prospect research for fundraisers (Record no. 57282)
[ view plain ]
| 000 -LEADER | |
|---|---|
| fixed length control field | 01417nam a2200349 a 4500 |
| 082 04 - DEWEY DECIMAL CLASSIFICATION NUMBER | |
| Classification number | 658.15/224 |
| 100 1# - MAIN ENTRY--AUTHOR NAME | |
| Personal name | Filla, Jennifer J., |
| 245 10 - TITLE STATEMENT | |
| Title | Prospect research for fundraisers |
| 260 ## - PUBLICATION, DISTRIBUTION, ETC. (IMPRINT) | |
| Place of publication | Hoboken, N.J. : |
| Name of publisher | John Wiley & Sons, |
| Year of publication | c2013. |
| 300 ## - PHYSICAL DESCRIPTION | |
| Number of Pages | 1 online resource (xxii, 216 p.) : |
| Other physical details | ill. |
| 490 1# - SERIES STATEMENT | |
| Series statement | AFP Fund Development Series |
| 500 ## - GENERAL NOTE | |
| General note | Includes index. |
| 650 #0 - SUBJECT ADDED ENTRY--TOPICAL TERM | |
| Topical Term | Fund raising. |
| Topical Term | Fund raisers (Persons) |
| 700 1# - ADDED ENTRY--PERSONAL NAME | |
| Personal name | Brown, Helen E., |
| 856 40 - ELECTRONIC LOCATION AND ACCESS | |
| Uniform Resource Identifier | http://site.ebrary.com/lib/rucke/Doc?id=10674846 |
| 588 ## - | |
| -- | Description based on online resource; title from title page (ebrary, viewed May 6, 2013). |
No items available.
